[Event "LBN-ch"]
[Site "Beirut"]
[Date "2023.11.07"]
[Round "7"]
[White "Fawaz, Nadia"]
[Black "Sayegh, Elias"]
[Result "0-1"]
[WhiteElo "1459"]
[BlackElo "1797"]
[PlyCount "68"]
[EventDate "2023.10.30"]
[EventType "swiss"]
[EventRounds "9"]
[EventCountry "LBN"]
[SourceTitle "CB46_2023"]
[SourceDate "2023.11.15"]
[SourceVersion "1"]
[SourceVersionDate "2023.11.15"]
[SourceQuality "1"]

1. e4 e5 2. Nf3 Nc6 3. Bc4 Bc5 4. c3 Nf6 5. d3 d6 6. b4 Bb6 7. a4 a6 8. h3 0-0 9. 0-0 Ne7 10. Be3 Bxe3 11. fxe3 Ng6 12. Qe1 d5 13. exd5 Nxd5 14. Nbd2 Nb6 15. d4 e4 16. Nh2 Nxc4 17. Nxc4 Qg5 18. Kh1 Be6 19. Nd2 f5 20. c4 Rae8 21. d5 Bd7 22. Ra2 Ne5 23. Qe2 Nd3 24. Ndf3 Qg3 25. Nd4 Nxb4 26. Rb2 a5 27. Qd2 b6 28. Ne2 Qe5 29. Nf4 Bxa4 30. g4 Bd7 31. g5 Nd3 32. Rbb1 Qe7 33. h4 Qc5 34. Rbc1 a4 0-1

[Event "LBN-ch"]
[Site "Beirut"]
[Date "2023.11.06"]
[Round "6"]
[White "Abdel Malek, Khalil Amir"]
[Black "Fawaz, Nadia"]
[Result "0-1"]
[WhiteElo "1559"]
[BlackElo "1459"]
[PlyCount "76"]
[EventDate "2023.10.30"]
[EventType "swiss"]
[EventRounds "9"]
[EventCountry "LBN"]
[SourceTitle "CB46_2023"]
[SourceDate "2023.11.15"]
[SourceVersion "1"]
[SourceVersionDate "2023.11.15"]
[SourceQuality "1"]

1. e4 c5 2. Nf3 e6 3. d4 cxd4 4. Nxd4 Nf6 5. Nc3 Nc6 6. Ndb5 Bb4 7. a3 Bxc3+ 8. Nxc3 d5 9. exd5 exd5 10. Bd3 0-0 11. 0-0 Bg4 12. Qd2 d4 13. Ne2 Re8 14. b4 Bxe2 15. Bxe2 Ne4 16. Qf4 Nc3 17. Bd3 Ne5 18. Qf5 Nxd3 19. Qxd3 Qd5 20. Bd2 Ne2+ 21. Kh1 Rac8 22. Rae1 Qc4 23. Qf3 Rc6 24. Qg4 Rce6 25. f4 Qxc2 26. f5 Re4 27. Rxe2 Rxe2 28. Bh6 g6 29. Qxd4 Qb2 30. Qxb2 Rxb2 31. h3 gxf5 32. Rxf5 Re6 33. Bf4 f6 34. Rc5 Ree2 35. Rc7 Rxg2 36. Bh6 Rge2 37. Rg7+ Kh8 38. Rg1 Rh2# 0-1

[Event "LBN-ch"]
[Site "Beirut"]
[Date "2023.11.03"]
[Round "4"]
[White "Khodor, Rim"]
[Black "Fawaz, Nadia"]
[Result "0-1"]
[WhiteElo "1065"]
[BlackElo "1459"]
[PlyCount "73"]
[EventDate "2023.10.30"]
[EventType "swiss"]
[EventRounds "9"]
[EventCountry "LBN"]
[SourceTitle "CB46_2023"]
[SourceDate "2023.11.15"]
[SourceVersion "1"]
[SourceVersionDate "2023.11.15"]
[SourceQuality "1"]

1. e4 c5 2. Nc3 e6 3. Bc4 a6 4. a4 Nc6 5. d3 Nf6 6. Bg5 Be7 7. Nf3 d5 8. Bxf6 Bxf6 9. exd5 Bxc3+ 10. bxc3 exd5 11. Qe2+ Be6 12. Bb3 0-0 13. 0-0 Bg4 14. Qe3 Qd6 15. Nd2 Rae8 16. Qg5 Be2 17. Rfe1 Re5 18. Qg3 Qe7 19. f3 Re8 20. Qf2 Qd6 21. Rab1 R5e7 22. Ba2 Qf4 23. Nb3 Qxa4 24. Rb2 Qa3 25. Reb1 Bd1 26. Qxc5 Re1+ 27. Kf2 Qa5 28. Nd4 Nxd4 29. cxd4 R1e2+ 30. Kg3 Bxc2 31. Rc1 Bxd3 32. Bxd5 Rxb2 33. Qc7 Bg6 34. Qc8 h5 35. Qc3 Rc2 36. Rxc2 Bxc2 37. Qxc2 0-1

[Event "LBN-ch"]
[Site "Beirut"]
[Date "2023.11.02"]
[Round "3"]
[White "Fawaz, Nadia"]
[Black "Aoun, Karim"]
[Result "0-1"]
[WhiteElo "1459"]
[BlackElo "1376"]
[PlyCount "32"]
[EventDate "2023.10.30"]
[EventType "swiss"]
[EventRounds "9"]
[EventCountry "LBN"]
[SourceTitle "CB46_2023"]
[SourceDate "2023.11.15"]
[SourceVersion "1"]
[SourceVersionDate "2023.11.15"]
[SourceQuality "1"]

1. e4 e5 2. Nf3 Nc6 3. Bc4 f5 4. d3 Bc5 5. Ng5 f4 6. Nf7 Qh4 7. 0-0 Nf6 8. Nxh8 Ng4 9. h3 Nxf2 10. Rxf2 Qxf2+ 11. Kh1 f3 12. Bf7+ Kf8 13. gxf3 d5 14. Be3 Bxe3 15. Nc3 Bxh3 16. Qe2 Bg2+ 0-1

[Event "LBN-ch"]
[Site "Beirut"]
[Date "2023.10.31"]
[Round "2"]
[White "Salman, Fatima"]
[Black "Fawaz, Nadia"]
[Result "1/2-1/2"]
[WhiteElo "1183"]
[BlackElo "1459"]
[PlyCount "91"]
[EventDate "2023.10.30"]
[EventType "swiss"]
[EventRounds "9"]
[EventCountry "LBN"]
[SourceTitle "CB46_2023"]
[SourceDate "2023.11.15"]
[SourceVersion "1"]
[SourceVersionDate "2023.11.15"]
[SourceQuality "1"]

1. e4 c5 2. Nf3 a6 3. d4 cxd4 4. Nxd4 Nf6 5. Nc3 e5 6. Nb3 Bb4 7. Bd2 d5 8. exd5 Nxd5 9. Nxd5 Qxd5 10. Bxb4 Qe4+ 11. Be2 Qxb4+ 12. Qd2 Qxd2+ 13. Nxd2 Bf5 14. 0-0-0 Nc6 15. Nc4 0-0 16. Nd6 Bg6 17. c3 Rab8 18. h4 h6 19. Rhe1 Kh8 20. h5 Bh7 21. Bc4 Bg8 22. Bd5 f6 23. Bxg8 Kxg8 24. Rd2 b5 25. Nf5 Rbd8 26. Red1 Rxd2 27. Rxd2 Nb8 28. Rd6 b4 29. Ne7+ Kf7 30. Nc6 bxc3 31. bxc3 Nxc6 32. Rxc6 Ra8 33. Rc7+ Kf8 34. Kc2 a5 35. Rb7 a4 36. c4 e4 37. Kc3 f5 38. Rd7 f4 39. Kd4 Re8 40. Kc3 e3 41. fxe3 Rxe3+ 42. Rd3 Re2 43. Rd2 Re3+ 44. Rd3 Re2 45. Rd2 Re5 46. Rd5 1/2-1/2

[Event "Arab-ch (Women)"]
[Site "Khartoum"]
[Date "2023.02.26"]
[Round "1"]
[White "Fawaz, Nadia"]
[Black "Rouda Essa, Alserkal"]
[Result "0-1"]
[WhiteElo "1422"]
[BlackElo "1762"]
[PlyCount "68"]
[EventDate "2023.02.26"]
[EventType "swiss"]
[EventRounds "9"]
[EventCountry "SUD"]
[SourceTitle "CBM 213 Extra"]
[Source "ChessBase"]
[SourceDate "2023.05.31"]
[SourceVersion "1"]
[SourceVersionDate "2023.05.31"]
[SourceQuality "1"]

1. d4 Nf6 2. Nf3 e6 3. Bf4 d5 4. e3 c5 5. c3 Nc6 6. Nbd2 cxd4 7. cxd4 Be7 8. h3 0-0 9. Be2 h6 10. 0-0 Bd6 11. Ne5 Bxe5 12. dxe5 Nd7 13. Nf3 f6 14. exf6 Qxf6 15. Qd2 Nb6 16. Rac1 e5 17. Bg3 Bd7 18. Bb5 Rae8 19. Rfe1 a6 20. Bf1 Bxh3 21. gxh3 Qxf3 22. Bg2 Qf7 23. b3 Rd8 24. Rc5 Rfe8 25. Rd1 e4 26. a4 d4 27. Qc2 Nb4 28. Qb1 dxe3 29. fxe3 Rxd1+ 30. Qxd1 Nd3 31. Rc3 Nd5 32. Bxe4 Nxc3 33. Bh7+ Kxh7 34. Qxd3+ Qg6 0-1

[Event "Sharjah Cup (Women) 12th"]
[Site "Sharjah"]
[Date "2022.12.14"]
[Round "7"]
[White "Fawaz, Nadia"]
[Black "Al Khulaifi, Ghada"]
[Result "1/2-1/2"]
[WhiteElo "1327"]
[BlackElo "1580"]
[PlyCount "111"]
[EventDate "2022.12.09"]
[EventType "swiss"]
[EventRounds "9"]
[EventCountry "UAE"]
[SourceTitle "CBM 211 Extra"]
[Source "ChessBase"]
[SourceDate "2023.01.31"]
[SourceVersion "1"]
[SourceVersionDate "2023.01.31"]
[SourceQuality "1"]

1. d4 d5 2. c4 e6 3. Nf3 Nf6 4. Nc3 c6 5. Bg5 Be7 6. e3 0-0 7. Qc2 Nbd7 8. Bd3 dxc4 9. Bxc4 b5 10. Bd3 Bb7 11. Ne5 h6 12. Nxd7 Qxd7 13. Bxf6 Bxf6 14. Ne4 Be7 15. Nc5 Bxc5 16. Qxc5 Rfe8 17. Be4 f5 18. Bf3 Qc7 19. 0-0 Kh8 20. Rac1 Qf7 21. Bxc6 Rec8 22. Qxb5 Bxc6 23. Rxc6 Rcb8 24. Qc4 Rxb2 25. Rxe6 Qd7 26. Re5 Rc8 27. Qa6 f4 28. Qa3 Rbc2 29. exf4 Qxd4 30. Rf5 Qc4 31. h3 Rxa2 32. Rf8+ Rxf8 33. Qxf8+ Kh7 34. Qf5+ Kg8 35. Rb1 Rb2 36. Rxb2 Qc1+ 37. Kh2 Qxb2 38. Qe6+ Kh8 39. Qe8+ Kh7 40. Qe4+ g6 41. Kg3 a5 42. Qe7+ Qg7 43. Qa3 Qc7 44. Kf3 Qb7+ 45. Kg3 Qb4 46. Qa2 Qc3+ 47. f3 Kg7 48. Qf2 Qc7 49. Qb2+ Kh7 50. h4 a4 51. h5 gxh5 52. Qb1+ Kh8 53. Qe4 Qd7 54. Kh4 Kg7 55. Qe5+ Kh7 56. Qe4+ 1/2-1/2

[Event "Sharjah Cup (Women) 12th"]
[Site "Sharjah"]
[Date "2022.12.10"]
[Round "3"]
[White "Mohamed Azzab, Mareim"]
[Black "Fawaz, Nadia"]
[Result "1/2-1/2"]
[WhiteElo "1613"]
[BlackElo "1327"]
[PlyCount "238"]
[EventDate "2022.12.09"]
[EventType "swiss"]
[EventRounds "9"]
[EventCountry "UAE"]
[SourceTitle "CBM 211 Extra"]
[Source "ChessBase"]
[SourceDate "2023.01.31"]
[SourceVersion "1"]
[SourceVersionDate "2023.01.31"]
[SourceQuality "1"]

1. e4 c5 2. b3 e6 3. Bb2 Nc6 4. Bb5 a6 5. Bxc6 bxc6 6. f4 Ne7 7. Nf3 d5 8. d3 Ng6 9. 0-0 f6 10. Nfd2 Bd6 11. f5 Ne5 12. Nf3 Nxf3+ 13. Qxf3 0-0 14. Nc3 Rf7 15. Rae1 d4 16. Nb1 Qc7 17. g3 a5 18. a4 Be5 19. Nd2 Re7 20. Nc4 Ba6 21. fxe6 Bxc4 22. bxc4 Rxe6 23. Qf5 Qe7 24. Ba3 Bd6 25. Rb1 Re5 26. Qf3 Qc7 27. Rf2 Rg5 28. Rg2 Rb8 29. Re1 Rf8 30. Bc1 Re5 31. Rf2 Rb8 32. Ba3 Rg5 33. Rg2 Rb7 34. Qe2 Qb8 35. Qd1 Re7 36. Qd2 Ra7 37. Rf2 h5 38. Rg2 h4 39. gxh4 Bxh2+ 40. Kh1 Rxg2 41. Qxg2 Bd6 42. Qg4 Re7 43. Qf5 Re5 44. Qg4 Qe8 45. Rb1 Re7 46. Rb6 Bc7 47. Rb7 Qa8 48. Bxc5 Qxb7 49. Bxe7 Be5 50. Qe6+ Kh8 51. Kg2 Qb2 52. Qc8+ Kh7 53. Qf5+ Kh6 54. Qf2 Qa2 55. Qd2+ Kh7 56. Bd8 Qxa4 57. Bxa5 Qa2 58. Bd8 Qb2 59. Qf2 Kg8 60. Be7 Kf7 61. Bc5 Ke8 62. Kh3 Kf7 63. Qd2 Qb1 64. Kg2 Qb2 65. Qd1 Bf4 66. Kf3 Be3 67. Kg2 Bf4 68. Qe2 Be3 69. Bd6 Qc1 70. Bg3 Qg1+ 71. Kh3 Qh1+ 72. Qh2 Qd1 73. Qg2 g5 74. Kh2 gxh4 75. Bxh4 Bf4+ 76. Kh3 Qc1 77. Kg4 Be5 78. Bg3 Qg5+ 79. Kh3 Qh6+ 80. Bh4 Qe3+ 81. Kg4 Kg6 82. Qf3 Qh6 83. Qf5+ Kg7 84. Qd7+ Kg6 85. Qf5+ Kg7 86. Bg3 Bxg3 87. Kxg3 Qe3+ 88. Qf3 Qe1+ 89. Qf2 Qxf2+ 90. Kxf2 Kg6 91. Kg3 Kg5 92. Kf3 f5 93. e5 c5 94. Kg3 f4+ 95. Kf3 Kf5 96. e6 Kxe6 97. Kxf4 Kf6 98. Kf3 Kf5 99. Ke2 Kf4 100. Kf2 Kg4 101. Ke2 Kf4 102. Kd2 Kf3 103. Kc1 Ke2 104. Kb2 Kd2 105. Kb3 Ke3 106. Ka2 Kd2 107. Kb1 Kd1 108. Kb2 Kd2 109. Kb3 Ke3 110. Ka3 Kd2 111. Kb2 Ke3 112. Kc1 Ke2 113. Kb1 Kd1 114. Kb2 Kd2 115. Kb3 Ke3 116. Ka4 Kd2 117. Kb3 Ke3 118. Ka2 Kd2 119. Kb2 Ke3 1/2-1/2

[Event "Wch U12 Girls"]
[Site "Batumi"]
[Date "2022.09.25"]
[Round "9"]
[White "Tulekenova, Aiza"]
[Black "Fawaz, Nadia"]
[Result "1-0"]
[WhiteElo "1220"]
[BlackElo "1500"]
[PlyCount "47"]
[EventDate "2022.09.16"]
[EventType "swiss"]
[EventRounds "11"]
[EventCountry "GEO"]
[SourceTitle "EXT 2023"]
[Source "ChessBase"]
[SourceDate "2022.10.05"]
[SourceVersion "1"]
[SourceVersionDate "2022.10.05"]
[SourceQuality "1"]

1. e4 c5 2. Nf3 e6 3. c4 Nc6 4. Be2 Nge7 5. Nc3 g6 6. d4 cxd4 7. Nxd4 Bg7 8. Ndb5 0-0 9. Nd6 f5 10. 0-0 b6 11. Bg5 fxe4 12. Qd2 Ba6 13. Ncxe4 Qc7 14. Rad1 Nc8 15. b3 Ne5 16. f4 Nxd6 17. Qxd6 Qb7 18. fxe5 Qxe4 19. Bf3 Rxf3 20. Rxf3 Bb7 21. Qxd7 Kh8 22. Qd8+ Rxd8 23. Rxd8+ Bf8 24. Rdxf8+ 1-0

[Event "Dekweneh Keshmat op"]
[Site "Dekweneh"]
[Date "2022.07.21"]
[Round "7"]
[White "Fawaz, Nadia"]
[Black "Sayegh, Elias"]
[Result "0-1"]
[WhiteElo "1214"]
[BlackElo "1794"]
[PlyCount "108"]
[EventDate "2022.07.13"]
[EventType "swiss"]
[EventRounds "9"]
[EventCountry "LBN"]
[SourceTitle "EXT 2023"]
[Source "ChessBase"]
[SourceDate "2022.10.05"]
[SourceVersion "1"]
[SourceVersionDate "2022.10.05"]
[SourceQuality "1"]

1. e4 e5 2. Nf3 Nc6 3. Bc4 Nf6 4. d3 Bc5 5. Nc3 d6 6. h3 a6 7. Bg5 h6 8. Bh4 g5 9. Bg3 Na5 10. Bb3 Nxb3 11. axb3 Qe7 12. Qe2 Bd7 13. 0-0-0 0-0-0 14. Nd2 b5 15. f3 Bc6 16. Na2 Nh5 17. Bf2 Nf4 18. Qf1 d5 19. g3 Ne6 20. Bxc5 Qxc5 21. b4 Qb6 22. Nb3 Rd6 23. Nc3 Rhd8 24. Rg1 Nd4 25. Nxd4 exd4 26. Ne2 dxe4 27. fxe4 f5 28. Qf2 fxe4 29. Qf5+ Kb8 30. dxe4 d3 31. Nc3 Qe3+ 32. Kb1 dxc2+ 33. Kxc2 Rd2+ 34. Rxd2 Rxd2+ 35. Kb3 Qd3 36. Rc1 Qc4+ 37. Ka3 a5 38. Qf8+ Kb7 39. bxa5 Rd6 40. b4 Rd4 41. Qc5 Qxc5 42. bxc5 b4+ 43. Kb3 bxc3 44. Rxc3 Rxe4 45. Kc2 Ra4 46. a6+ Kxa6 47. Kd3 Be4+ 48. Ke3 c6 49. Rb3 Bd5 50. Rc3 Kb5 51. Kd3 Rb4 52. Kd2 Rb3 53. Rxb3+ Bxb3 54. Kc3 Be6 0-1

[Event "Dekweneh Keshmat op"]
[Site "Dekweneh"]
[Date "2022.07.18"]
[Round "5"]
[White "Fawaz, Nadia"]
[Black "Moughames, Ronald"]
[Result "0-1"]
[WhiteElo "1214"]
[BlackElo "1734"]
[PlyCount "86"]
[EventDate "2022.07.13"]
[EventType "swiss"]
[EventRounds "9"]
[EventCountry "LBN"]
[SourceTitle "EXT 2023"]
[Source "ChessBase"]
[SourceDate "2022.10.05"]
[SourceVersion "1"]
[SourceVersionDate "2022.10.05"]
[SourceQuality "1"]

1. d4 Nf6 2. c4 g6 3. Nc3 Bg7 4. e4 d6 5. Nf3 0-0 6. Bd3 e5 7. d5 Na6 8. h3 Nh5 9. Be3 Nf4 10. 0-0 Nxd3 11. Qxd3 f5 12. exf5 gxf5 13. Ng5 Nc5 14. Bxc5 Qxg5 15. Be3 f4 16. Bd2 Qh4 17. Ne4 f3 18. Ng5 fxg2 19. Kxg2 Rf5 20. Qg3 Qxc4 21. Qb3 Qxb3 22. axb3 e4 23. Nxe4 Rxd5 24. Bc3 Rh5 25. Rh1 Bd7 26. Ng3 Bc6+ 27. f3 Rg5 28. h4 Rg6 29. h5 Re6 30. Nf5 Be5 31. Kf2 Kf7 32. Rhg1 Rf6 33. Rg7+ Ke6 34. Nh4 Rf7 35. Bxe5 dxe5 36. Rxf7 Kxf7 37. h6 a6 38. Re1 Re8 39. Rg1 Rg8 40. Re1 Rg5 41. Ng2 Rf5 42. Nh4 Rh5 43. Kg3 Kf6 0-1

[Event "Arab-ch U14 Girls"]
[Site "Baghdad"]
[Date "2022.03.12"]
[Round "4"]
[White "Fawaz, Nadia"]
[Black "Chihi, Ghada"]
[Result "1/2-1/2"]
[WhiteElo "1172"]
[BlackElo "1173"]
[PlyCount "60"]
[EventDate "2022.03.10"]
[EventType "swiss"]
[EventRounds "9"]
[EventCountry "IRQ"]
[SourceTitle "EXT 2023"]
[Source "ChessBase"]
[SourceDate "2022.10.05"]
[SourceVersion "1"]
[SourceVersionDate "2022.10.05"]
[SourceQuality "1"]

1. d4 d5 2. c4 Nf6 3. Nc3 Nc6 4. Bg5 e6 5. cxd5 exd5 6. Bxf6 gxf6 7. Nf3 Bf5 8. e3 Na5 9. Qa4+ c6 10. b4 Nc4 11. Bxc4 dxc4 12. b5 Qd7 13. Qxc4 cxb5 14. Qxb5 Rc8 15. Qxd7+ Bxd7 16. Ne4 Be7 17. 0-0 Rg8 18. Ng3 Ba3 19. Ne4 Ke7 20. d5 h5 21. Rab1 b6 22. Ng3 Bg4 23. Nd4 Bc5 24. Ndf5+ Bxf5 25. Nxf5+ Kd7 26. a4 Rge8 27. Rfe1 Re5 28. e4 Rce8 29. Ng7 R8e7 30. Nf5 Re8 1/2-1/2

[Event "Arab-ch U14 Girls"]
[Site "Baghdad"]
[Date "2022.03.12"]
[Round "3"]
[White "Parwa, Pshtiwan Ahmed"]
[Black "Fawaz, Nadia"]
[Result "0-1"]
[WhiteElo "1027"]
[BlackElo "1172"]
[PlyCount "60"]
[EventDate "2022.03.10"]
[EventType "swiss"]
[EventRounds "9"]
[EventCountry "IRQ"]
[SourceTitle "EXT 2023"]
[Source "ChessBase"]
[SourceDate "2022.10.05"]
[SourceVersion "1"]
[SourceVersionDate "2022.10.05"]
[SourceQuality "1"]

1. e4 e5 2. Nf3 Nc6 3. d4 exd4 4. Nxd4 Bc5 5. Be3 Qf6 6. c3 Nge7 7. Be2 0-0 8. 0-0 d5 9. Nxc6 Qxc6 10. exd5 Nxd5 11. Bxc5 Qxc5 12. c4 Nf4 13. Bd3 Qg5 14. Qf3 Bh3 15. Qg3 Qxg3 16. Bxh7+ Kxh7 17. fxg3 Nxg2 18. g4 Rae8 19. Nc3 Ne3 20. Rf4 g5 21. Rf6 Kg7 22. Rf3 Bxg4 23. Rg3 Kh6 24. Re1 Nxc4 25. Rxe8 Rxe8 26. Rxg4 Nd2 27. Nb5 f5 28. Rg2 Ne4 29. Nxc7 Rc8 30. Nd5 Rc1# 0-1

[Event "Saida Shamieh op"]
[Site "Saida"]
[Date "2021.08.20"]
[Round "4"]
[White "Fawaz, Kassem"]
[Black "Fawaz, Nadia"]
[Result "1-0"]
[WhiteElo "1525"]
[BlackElo "1179"]
[PlyCount "99"]
[EventDate "2021.08.17"]
[EventType "swiss"]
[EventRounds "7"]
[EventCountry "LBN"]
[SourceTitle "CBM 204 Extra"]
[Source "ChessBase"]
[SourceDate "2021.11.30"]
[SourceVersion "1"]
[SourceVersionDate "2021.11.30"]
[SourceQuality "1"]

1. d4 d5 2. c4 e6 3. Nc3 Nf6 4. Bg5 Be7 5. Nf3 0-0 6. e3 b6 7. Be2 Nc6 8. 0-0 Ba6 9. Qa4 Bb7 10. a3 a5 11. h3 Ne4 12. Nxe4 dxe4 13. Bxe7 Nxe7 14. Nd2 Ng6 15. Rac1 e5 16. d5 c6 17. dxc6 Bxc6 18. Qc2 f5 19. Rfd1 Rb8 20. b4 f4 21. Nxe4 Qh4 22. Bf3 fxe3 23. fxe3 Rxf3 24. gxf3 Bxe4 25. Qxe4 Qg3+ 26. Kf1 Qxh3+ 27. Ke2 Qg2+ 28. Kd3 Qa2 29. Qd5+ Kh8 30. Rc3 e4+ 31. fxe4 Ne5+ 32. Qxe5 Rd8+ 33. Qd4 Rxd4+ 34. exd4 axb4 35. axb4 Qf2 36. e5 Qf3+ 37. Kc2 Qf8 38. c5 bxc5 39. bxc5 h5 40. c6 h4 41. c7 Qc8 42. Rdd3 g5 43. d5 g4 44. d6 g3 45. d7 Qb7 46. d8Q+ Kg7 47. Qg5+ Kf7 48. Qf6+ Kg8 49. Rd8+ Kh7 50. Rh8# 1-0